00482nam a2200169Ia 4500003000900000008004100009040001600050080001700066100001800083245007000101260004800171300001600219650001900235650002100254650001700275700002000292IN-BaIIA211028s9999 xx 000 0 eng d cIIA Library a535.338bCON aCondon, E. U. 4aThe Theory of Atomic SpectracE. U. Condon and G. H. Shortley  aCambridgebCambridge University Pressc1935 aaxiv, 441p. aAtomic Spectra aAtomic Structure aSpectroscopy aShortley, G. H.